000 00316nam a2200133Ia 4500
008 191201s2011 xx 000 0 und d
100 _aSHARMA,Sanjay
245 0 _aFundamentals of Signals and Systems
250 _aRep
260 _c2011
_bS.K.Kataria
_aN. delhi
300 _a530
650 _aECE
942 _2ddc
_cBB
999 _c7431
_d7431